00540 a2200169 4500010001400000020002300014035001300037037001500050082001300065100002400078245006800102260004900170270007000219300002600289500003800315700001700353 aENG-88246 a8131302163c695.00 aEN-71779 bDBAD / PUB14a613.70461 aTiwari, Saket Raman1 aTeaching of yoga/cby Saket Raman Tiwari; edited by Y. K. Singh aNew DelhibAPH Publishing Corporatioonc2007 a5, Ansari Road, Darya GanjbNew Delhic110 002maphbooks@vsnl.net ax, 290 p.c21cm (Hb) aincludes bibliographical refrence1 aSingh, Y. K.